000 00482nam a22001697a 4500
003 BD-ChCU
005 20251125101245.0
008 251125b bg ||||| |||| 00| 0 ben d
040 _cBD-ChCU
082 _a320.92 BES
100 _aSprigge , Timothy L.S.
_916828
245 _aThe correspondence of jeremy bentham ./
_cL.S. Timothy , Sprigge.
260 _aLondon :
_bUniv. press ,
_cC 1968
300 _aVol. 1 & 2 .
650 0 _aBentham , Jeremy.
_916829
942 _2ddc
_cBK
_n0
999 _c109792
_d109792